• 首页
  • 本馆介绍
  • 公告通知
  • 最新文献
  • 馆藏检索
  • 电子资源
  • 读者导购
  • 参考咨询
  • 我的图书馆
  • 登录
  • 详细信息显示
  • 放入我的书架
  • 预约/预借图书
  • 作者相关作品
  • 分类相关作品
  • 丛书相关作品
  • 出版社相关作品

书目信息

  • 表格格式
  • 工作单格式
  • 卡片格式
题名:
实验室管理概论
    
 
作者: 袁明圣 编著
分册:  
出版信息:   上海交通大学科技交流室  1985
页数: 143页
开本: 26cm
丛书名:
单 册:
中图分类: G482
科图分类:
主题词: 学校--教育建筑 , 学校--设备
电子资源:
ISBN:
000 00522nam0 2200181 450
001 0654786656
005 20060909151414.67
100    @a20060909d1985 km y0chiy0120 ea
101 0  @achi
200 1  @a实验室管理概论@Ashi yan shi guan li gai lun@f袁明圣编著@Fyuan ming sheng bian zhu
210    @c上海交通大学科技交流室@d1985
215    @a143页@c表格@d26cm
606 0  @a学校@x教育建筑
606 0  @a学校@x设备
690    @aG482@v3
701  0 @a袁明圣@Ayuan ming sheng@4编著
801  0 @aCN@bPFT@c20060909
905    @a10447@dG482@e6
    
    实验室管理概论/袁明圣编著.-上海交通大学科技交流室,1985
    143页:表格;26cm
    
    
    ISBN :
    
●
相关链接 在E读中查询图书 在五车中查询图书 在当当中查询图书 在豆瓣中查询图书


正题名:实验室管理概论     索取号:G482/6         预约/预借

序号 登录号 条形码 馆藏地/架位号 状态 备注
1 0471768   204717681   密集书库/ [索取号:G482/6] 在馆    
唐山师范学院图书馆 欢迎您!
大连网信软件有限公司© 版权所有